| Record ID | ia:codereadingopens0000spin |
| Source | Internet Archive |
| Download MARC XML | https://archive.org/download/codereadingopens0000spin/codereadingopens0000spin_marc.xml |
| Download MARC binary | https://www.archive.org/download/codereadingopens0000spin/codereadingopens0000spin_meta.mrc |
LEADER: 00776cam a22002414a 4500
001 2002038563
003 DLC
005 20030813090408.0
008 021008s2003 mau b 001 0 eng
010 $a 2002038563
020 $a0201799405 (pbk. : alk. paper)
040 $aDLC$cDLC$dDLC
042 $apcc
050 00 $aQA76.6$b.S675 2003
082 00 $a005.1$221
100 1 $aSpinellis, Diomidis.
245 10 $aCode reading :$bthe open source perspective /$cDiomidis Spinellis.
260 $aBoston, MA :$bAddison-Wesley,$cc2003.
300 $axxviii, 495 p. ;$c24 cm. +$e1 CD-ROM (4 3/4 in.)
440 0 $aEffective software development series
504 $aIncludes bibliographical references (p. 445-457) and indexes.
650 0 $aComputer programming.
650 0 $aCoding theory.